Statistics for T20 Cricket Captains of Pakistan

Click here to take the quiz!

General Stats

  • This quiz has been taken 321 times
    (268 since last reset)
  • The average score is 4 of 7

Answer Stats

Captain% Correct
Shahid Afridi
88%
Misbah-ul-Haq
70%
Shoaib Malik
69%
Younis Khan
67%
Sarfraz Ahmed
43%
Inzamam-ul-Haq
36%
Mohammad Hafeez
17%

Score Distribution

Percentile by Number Answered

Percent of People with Each Score

Your Score History

You have not taken this quiz since the last reset